The reptile room / (Record no. 263)

MARC details
000 -LEADER
fixed length control field 01278nam a22003497a 4500
001 - CONTROL NUMBER
control field 263
003 - CONTROL NUMBER IDENTIFIER
control field FISKH
005 - DATE AND TIME OF LATEST TRANSACTION
control field 20231212144628.0
008 - FIXED-LENGTH DATA ELEMENTS--GENERAL INFORMATION
fixed length control field 230313b cb ||||| |||| 00| 0 eng d
020 ## - INTERNATIONAL STANDARD BOOK NUMBER
International Standard Book Number 9781405266079
040 ## - CATALOGING SOURCE
Original cataloging agency DLC
Transcribing agency DLC
Modifying agency DLC
-- FISKH
Language of cataloging eng
042 ## - AUTHENTICATION CODE
Authentication code lcac
050 00 - LIBRARY OF CONGRESS CALL NUMBER
Classification number PZ7.S6795
Item number Re 1999
082 00 - DEWEY DECIMAL CLASSIFICATION NUMBER
Classification number 813.54
Edition number 21
100 1# - MAIN ENTRY--PERSONAL NAME
Personal name Snicket, Lemony.
245 14 - TITLE STATEMENT
Title The reptile room /
Statement of responsibility, etc. by Lemony Snicket ; illustrations by Brett Helquist.
260 ## - PUBLICATION, DISTRIBUTION, ETC.
Place of publication, distribution, etc. New York
Name of publisher, distributor, etc. Egmont
Date of publication, distribution, etc. 2001
300 ## - PHYSICAL DESCRIPTION
Extent 190 p.
Other physical details ill.
Dimensions 19 cm.
490 1# - SERIES STATEMENT
Series statement A series of unfortunate events ;
Volume/sequential designation v. 2
505 ## - FORMATTED CONTENTS NOTE
Formatted contents note X
520 ## - SUMMARY, ETC.
Summary, etc. After narrowly escaping the menacing clutches of the dastardly Count Olaf, the three Baudelaire orphans are taken in by a kindly herpetologist with whom they live happily for an all-too-brief time.
521 8# - TARGET AUDIENCE NOTE
Target audience note 1040 <br/>
Source Lexile
521 8# - TARGET AUDIENCE NOTE
Target audience note X <br/>
Source Raz-Plus
650 #1 - SUBJECT ADDED ENTRY--TOPICAL TERM
Topical term or geographic name entry element Orphans
Form subdivision Fiction.
650 #1 - SUBJECT ADDED ENTRY--TOPICAL TERM
Topical term or geographic name entry element Brothers and sisters
Form subdivision Fiction.
650 #1 - SUBJECT ADDED ENTRY--TOPICAL TERM
Topical term or geographic name entry element Humorous stories.
700 1# - ADDED ENTRY--PERSONAL NAME
Personal name Helquist, Brett,
Relator term ill.
800 1# - SERIES ADDED ENTRY--PERSONAL NAME
Personal name Snicket, Lemony.
Title of a work Series of unfortunate events ;
Volume/sequential designation bk. 2.
856 42 - ELECTRONIC LOCATION AND ACCESS
Materials specified Publisher description
Uniform Resource Identifier <a href="http://www.loc.gov/catdir/description/hc043/99014751.html">http://www.loc.gov/catdir/description/hc043/99014751.html</a>
906 ## - LOCAL DATA ELEMENT F, LDF (RLIN)
a 7
b cbc
c orignew
d 1
e ocip
f 19
g y-gencatlg
942 ## - ADDED ENTRY ELEMENTS (KOHA)
Source of classification or shelving scheme Dewey Decimal Classification
Koha item type Books
Suppress in OPAC No
Holdings
Withdrawn status Lost status Source of classification or shelving scheme Damaged status Not for loan Collection Home library Current library Shelving location Date acquired Total Checkouts Full call number Barcode Date last seen Copy number Price effective from Koha item type
    Dewey Decimal Classification     Fiction Footprints International School Library Network Toul Kork Campus Footprints International School Library Network Toul Kork Campus   03/13/2023   SNI PZ7.S6795 813.54 FISTK05282 03/13/2023 1 03/13/2023 Books
    Dewey Decimal Classification     Fiction Footprints International School Library Network Toul Kork Campus Footprints International School Library Network Toul Kork Campus TTP Secondary Fiction Bookshelves 01/05/2024   SNI PZ7.S6795 813.54 FIS00958 01/05/2024 2 03/13/2023 Books
    Library of Congress Classification     Fiction Footprints International School Library Network Toul Kork Campus Footprints International School Library Network Toul Kork Campus   04/02/2024   SNI PZ7.S6795 813.54 2024-0441 04/02/2024 3 04/02/2024 Books